header

The post-bubble US economy (Record no. 206436)

MARC details
000 -LEADER
fixed length control field 01429nam a22003614a 4500
082 04 - DEWEY DECIMAL CLASSIFICATION NUMBER
Classification number 330.973
100 1# - MAIN ENTRY--AUTHOR NAME
Personal name Arestis, Philip,
245 14 - TITLE STATEMENT
Title The post-bubble US economy
260 ## - PUBLICATION, DISTRIBUTION, ETC. (IMPRINT)
Place of publication New York :
Name of publisher Palgrave Macmillan,
Year of publication 2004.
300 ## - PHYSICAL DESCRIPTION
Number of Pages xix, 301 p. :
Other physical details ill.
650 #0 - SUBJECT ADDED ENTRY--TOPICAL TERM
Topical Term Financial crises.
Topical Term International economic relations.
700 1# - ADDED ENTRY--PERSONAL NAME
Personal name Karakitsos, Elias.
856 40 - ELECTRONIC LOCATION AND ACCESS
Uniform Resource Identifier http://site.ebrary.com/lib/rucke/Doc?id=10103778

No items available.

© 2026 Rongo University
Contact us: librarian | system librarian | Rongo university